Tissu musculaire - Statistiques

Statistiques générales
  • Ce quiz a été pris 54 fois
    26 depuis la dernière actualisation
  • Le résultat moyen est 5 sur 35
Statistiques - réponses
Hint Réponse % Correct
Tunique entourant et séparant chaque faisceau des fibres, contient un amas d’adipocytes Perimysium
50%
Nom de la membrane plasmique d’un rhabdomyocyte Sarcolemme
50%
Disque A Anisotrope
33%
Tunique entourant chaque cellule musculaire, réseau capillaire artioveineux Endomysium
33%
Tunique entourant le muscle en entier, permet insertion des fibres de collagène des tendons Epimysium
33%
Disque I Isotrope
33%
Lisse, SN autonome, involontaire Leiomyocytes
33%
Plusieurs dizaines dans l’axe longitudinal compose un Rhabdomyocyte Myofibrilles ( 1 micron)
33%
Strie squelettique ou viscérale, SN cérébro-spinal, volontaire Rhabdomyocytes ( 50 microns)
33%
Unité de base du muscle Sarcomere
33%
Myocardique, SN autonome, involontaire du muscle strie cardiaque Cardiomyocytes
17%
Cellules a activité contractile non musculaires principalement en situation pathologique Myofibroblastes
17%
Plusieurs dizaines dans l’axe longitudinal compose un Myofibrille Myofilaments
17%
Element du myofilament fin Tropomyosine
17%
Element du myofilament fin Troponine
17%
Localisation tissu musculaire strié viscérale 1/3 supérieur de l’œsophage
0%
Element du myofilament fin Actine filamenteuse
0%
Element du réseau capillaire arterioveineux Arterioles
0%
Types de cellules immunes Chemokines
0%
Type de cellules immunes Cytokines
0%
Cellules expliquant la localisation préférentielle des cellules satellites proche des capillaires (participe a la niche) Endotheliales
0%
Au niveau des muscles posturaux, Contraction lente, Aérobie Fibres de type 1, rouges
0%
Au niveau des muscles phasiques, Contraction rapide, Anaerobie Fibres de type 2, blanches
0%
Cellules expliquant la localisation préférentielle des cellules satellites proche des plaques motrices ( font partie de la niche) Motoneurones
0%
Cellules se divisant en 3 categories de tissus musculaires Musculaires
0%
Cellules a activité contractile non musculaires pour l’excretion de glandes exocrine Myoepitheliales
0%
Exemple de motoneurones sans le cours Neurotrophines
0%
Cellules a activité contractile non musculaires dans la contraction des capillaires Pericytes
0%
Element du système sarcotubulaire = système T Reticulum sarcoplasmique
0%
Dans le dédoublement de la lame basale mais peuvent migrer a distance Satellite activée
0%
Dans le dédoublement de la lame basale, à proximité des capillaires et plaques motrices Satellite quiescente
0%
Localisation tissu musculaire strié viscérale sphincter anal
0%
Localisation tissu musculaire strié viscérale sphincter vésical
0%
Element du système sarcotubulaire = système T Tubule T
0%
Element du réseau capillaire arterioveineux Veinules
0%
Aucun quiz correspondant
Distribution des résultats
% des personnes avec chaque résultat
Percentile par nombre de réponses
Votre historique - résultats
Vous n’avez pas pris ce quiz depuis la dernière actualisation